000 01304nam a2200325 i 4500
003 EG-GICUC
005 20260206231236.0
008 260206s1923 ua ||||fr|||| 00| 0 ara d
040 _a EG-GICUC
_bara
_c EG-GICUC
_d EG-GICUC
_erda
041 _aara
082 0 4 _221
_a343.3
_bع ل . م
092 0 4 _221
099 _aLaw1 10 343.3 ع ل . م 1 ed - 1923
100 0 _aعلي زكي العرابى باشا
_eمؤلف.
245 1 2 _aالمبادئ الأساسية للتحقيقات والإجراءات الجنائية /
_cتأليف علي زكي العرابى باشا.
_nالجزء الأول،
250 _aالطبعة الاولى مكررة.
264 1 _aالقاهرة :
_bمطبعة لجنة التأليف للترجمة والنشر،
_c1923.
300 _a356 صفحة ;
_b
_c24 سم.
336 _2rda content
_atext
337 _2rda media
_aComputer
338 _2rda carrier
_aOnline Resource
504 _aيشتمل على إرجاعات ببليوجرافية.
546 _aالنص باللغة العربية
650 1 _aالقانون الجنائي
_2qrmak
650 1 _a قانون الإجراءات الجنائية
_2qrmak
651 1 _2qrmak
856 4 0 _uhttps://fll.law.cu.edu.eg/fulltext/bks/B10-05270.pdf
905 _a43
942 _2ddc
_n0
_cBK
_e21
999 _c61443
_d61443